[Event "DM 2023 Kandidatklassen"]
[Site "Svendborg"]
[Date "2023.04.10"]
[Round "7"]
[White "Thogersen, Rasmus"]
[Black "Nielsen, Phillip"]
[Result "1-0"]
[WhiteElo "2365"]
[BlackElo "1987"]
[PlyCount "83"]
[EventDate "2023.04.04"]
[EventType "swiss"]
[EventRounds "7"]
[EventCountry "DEN"]
[SourceTitle "Live v. Kasper Jerwiarz"]

1. e4 d5 2. exd5 Nf6 3. d4 Nxd5 4. Nf3 Bg4 5. Be2 e6 6. O-O Be7 7. c4 Nf6 8.
Nc3 c6 9. h3 Bh5 10. Re1 O-O 11. g4 Bg6 12. Ne5 Nbd7 13. Nxg6 hxg6 14. Bf4 Nb6
15. a3 c5 16. dxc5 Bxc5 17. b4 Bd4 18. Rc1 Rc8 19. Nb5 e5 20. c5 Nbd5 21. Bg3
Ne4 22. Nxd4 Nxg3 23. Bf3 exd4 24. Qxd4 Nc7 25. Qxd8 Rcxd8 26. Bxb7 Rd3 27. c6
Rxa3 28. fxg3 Rxg3+ 29. Kh2 Rb3 30. Re7 Nb5 31. c7 Nxc7 32. Rcxc7 Rxb4 33. Bd5
Rf4 34. Kg3 Rf1 35. Bc4 Rf6 36. g5 Rf5 37. h4 a5 38. Ra7 a4 39. Rec7 a3 40.
Rxa3 Kh7 41. Raa7 Kg8 42. Rab7 1-0

[Event "DM 2023 Kandidatklassen"]
[Site "Svendborg"]
[Date "2023.04.10"]
[Round "7"]
[White "Meskenas, Paulius"]
[Black "Mollasoltani, Aryan"]
[Result "1-0"]
[WhiteElo "2216"]
[BlackElo "2008"]
[PlyCount "117"]
[EventDate "2023.04.04"]
[EventType "swiss"]
[EventRounds "7"]
[EventCountry "DEN"]
[SourceTitle "Live v. Kasper Jerwiarz"]

1. e4 c5 2. Nf3 e6 3. c3 Nf6 4. e5 Nd5 5. d4 cxd4 6. cxd4 d6 7. Be2 Be7 8. O-O
O-O 9. Bd2 Bd7 10. Nc3 Nxc3 11. Bxc3 Bc6 12. Bd3 Nd7 13. Bc2 Re8 14. Qd3 Nf8
15. Qe3 Rc8 16. Rad1 b5 17. Bb1 Bxf3 18. Qxf3 d5 19. b3 Rc6 20. Qd3 Qb6 21. f4
Rec8 22. Bb2 f5 23. exf6 Bxf6 24. Kh1 g6 25. g4 Re8 26. Rde1 Rcc8 27. Re2 b4
28. h4 Re7 29. g5 Bg7 30. f5 gxf5 31. Rxf5 exf5 32. Rxe7 Ng6 33. Re2 Nxh4 34.
Rh2 Ng6 35. Qxf5 Rf8 36. Qxd5+ Kh8 37. Kg1 Qa6 38. Rf2 Qc8 39. Rxf8+ Nxf8 40.
Qf5 Qc7 41. Qf3 Qe7 42. Kf2 Qxg5 43. Ke2 h5 44. Bf5 Ng6 45. Qe4 Kh7 46. Kd3 Kh6
47. Kc4 Ne7 48. Qe6+ Bf6 49. Be4 Kg7 50. Kxb4 Qd2+ 51. Bc3 a5+ 52. Kc4 Qe2+ 53.
Kc5 Qxa2 54. Qc4 Qa3+ 55. Kb5 Qd6 56. Kxa5 h4 57. b4 Qd7 58. b5 Nc8 59. Bc6 1-0

[Event "DM 2023 Kandidatklassen"]
[Site "Svendborg"]
[Date "2023.04.10"]
[Round "7"]
[White "Jarlskov, Daniel Tuk Hartso"]
[Black "Medhus, Vitus Bondo"]
[Result "0-1"]
[WhiteElo "2073"]
[BlackElo "2097"]
[PlyCount "144"]
[EventDate "2023.04.04"]
[EventType "swiss"]
[EventRounds "7"]
[EventCountry "DEN"]
[SourceTitle "Live v. Kasper Jerwiarz"]

1. d4 Nf6 2. c4 c5 3. d5 b5 4. cxb5 a6 5. bxa6 g6 6. Nc3 Bxa6 7. e4 Bxf1 8.
Kxf1 d6 9. g3 Bg7 10. Bg5 O-O 11. Qd2 Qb6 12. Nge2 Nbd7 13. Kg2 Rfb8 14. Rab1
Ne8 15. h4 Ne5 16. b3 h5 17. Rhc1 Qb4 18. Qc2 Kf8 19. a4 Nc7 20. Bd2 Qb7 21.
Na2 Nxd5 22. b4 cxb4 23. Bxb4 Nxb4 24. Rxb4 Qd7 25. Rxb8+ Rxb8 26. a5 Bf6 27.
a6 Ra8 28. Nb4 Kg7 29. Nf4 e6 30. Nfd3 Qb5 31. Nxe5 Qxb4 32. Qc6 Ra7 33. Nd7
Qa3 34. Nb8 Bd4 35. Rc2 Bc5 36. Qb5 Ra8 37. Qb7 Ra7 38. Qb5 Ra8 39. Qb7 Ra7 40.
Qb1 Qa4 41. Ra2 Qe8 42. Rb2 Qa4 43. Qd3 Rc7 44. e5 dxe5 45. Rb7 Rxb7 46. axb7
Qa7 47. Qb5 Qxb8 48. Qxc5 Qxb7+ 49. Kh2 Qd5 50. Qc7 Qd4 51. Kg2 e4 52. Qf4 Qd5
53. Kh2 Qf5 54. Qd2 Kh7 55. Kg1 Qf3 56. Kh2 e5 57. Qe1 Qd3 58. Kg2 Qf3+ 59. Kh2
Kg7 60. Qd2 Qg4 61. Qb2 Qf5 62. Qd2 Qe6 63. Kg2 f5 64. Qc1 Qe7 65. Qe3 Qb7 66.
Kh2 Kh7 67. Qc3 Qe7 68. Qc4 Kh6 69. Qc1+ f4 70. Qc4 Qb7 71. Qe6 Qb2 72. Kg2 e3
0-1

[Event "DM 2023 Kandidatklassen"]
[Site "Svendborg"]
[Date "2023.04.10"]
[Round "7"]
[White "Hansen, Soren Bech"]
[Black "Jensen, Lars Munk"]
[Result "1-0"]
[WhiteElo "2237"]
[BlackElo "2150"]
[PlyCount "77"]
[EventDate "2023.04.04"]
[EventType "swiss"]
[EventRounds "7"]
[EventCountry "DEN"]
[SourceTitle "Live v. Kasper Jerwiarz"]

1. e4 c5 2. Nf3 e6 3. c3 d5 4. e5 Ne7 5. d4 Nec6 6. Bd3 Nd7 7. O-O Be7 8. a3 a5
9. Bc2 b5 10. Re1 Qb6 11. Be3 Ba6 12. Nbd2 Rc8 13. Nf1 b4 14. axb4 cxb4 15. Bd2
Qc7 16. Ne3 Nb6 17. h4 Nc4 18. Nxc4 dxc4 19. Be4 Bb5 20. Qe2 b3 21. d5 exd5 22.
Bxd5 Nd8 23. e6 f6 24. Nd4 Ba6 25. Nf5 g6 26. Ne3 O-O 27. g3 Nb7 28. h5 g5 29.
Nf5 Rfd8 30. Be4 Nc5 31. Nxe7+ Qxe7 32. Bf5 Nd3 33. Bxd3 Rxd3 34. Rxa5 Bb7 35.
Ra7 Rc5 36. Be3 Re5 37. Qg4 Qc7 38. Rea1 Re4 39. Qxe4 1-0

[Event "DM 2023 Kandidatklassen"]
[Site "Svendborg"]
[Date "2023.04.10"]
[Round "7"]
[White "Thorsen, Adrian Stenstrop"]
[Black "Wahlgreen, Noah Krug"]
[Result "1-0"]
[WhiteElo "2060"]
[BlackElo "1975"]
[PlyCount "53"]
[EventDate "2023.04.04"]
[EventType "swiss"]
[EventRounds "7"]
[EventCountry "DEN"]
[SourceTitle "Live v. Kasper Jerwiarz"]

1. Nc3 d5 2. d4 c6 3. Bf4 Nf6 4. e3 Bf5 5. f3 Nh5 6. Bxb8 Qxb8 7. g4 e5 8. gxf5
Be7 9. dxe5 Bh4+ 10. Ke2 Qxe5 11. Qd4 Qe7 12. Bh3 O-O 13. Kf1 c5 14. Qg4 d4 15.
Nd5 Qd8 16. Qxh5 Qxd5 17. Qxh4 Qc4+ 18. Kg2 Qxc2+ 19. Qf2 Qxf2+ 20. Kxf2 dxe3+
21. Kxe3 Rad8 22. Bf1 Rfe8+ 23. Kf4 Rd2 24. b3 g5+ 25. Kxg5 f6+ 26. Kf4 Kh8 27.
Bc4 1-0

[Event "DM 2023 Kandidatklassen"]
[Site "Svendborg"]
[Date "2023.04.10"]
[Round "7"]
[White "Koch Mueller, Oscar"]
[Black "Thuesen, Mogens Henrik"]
[Result "0-1"]
[WhiteElo "2167"]
[BlackElo "2156"]
[PlyCount "96"]
[EventDate "2023.04.04"]
[EventType "swiss"]
[EventRounds "7"]
[EventCountry "DEN"]
[SourceTitle "Live v. Kasper Jerwiarz"]

1. d4 d5 2. c4 c6 3. Nc3 e5 4. dxe5 d4 5. Ne4 Qa5+ 6. Bd2 Qxe5 7. Ng3 h5 8. Nf3
Qe7 9. e3 h4 10. Ne2 dxe3 11. Bxe3 Bg4 12. Ned4 Qb4+ 13. Qd2 Nf6 14. h3 Bxf3
15. Nxf3 Ne4 16. Qxb4 Bxb4+ 17. Nd2 O-O 18. Ke2 Bxd2 19. Bxd2 c5 20. Be3 Nc6
21. Kf3 f5 22. g3 Rae8 23. Bd3 b6 24. Bxe4 Rxe4 25. b3 Ne5+ 26. Kg2 hxg3 27.
Rhe1 gxf2 28. Bxf2 Nd3 29. Rxe4 fxe4 30. Rf1 Nf4+ 31. Kh2 Nxh3 32. Kxh3 e3 33.
Kg2 Rxf2+ 34. Rxf2 exf2 35. Kxf2 Kf7 36. Kf3 Kf6 37. Kf4 a6 38. a3 a5 39. a4 g6
40. Ke4 g5 41. Kd5 g4 42. Kc6 g3 43. Kxb6 g2 44. Kxc5 g1=Q+ 45. Kb5 Qe1 46. c5
Qb4+ 47. Kc6 Ke6 48. Kc7 Qxc5+ 0-1